Spurs Squad 23/24 - Statistics

General Stats
  • This quiz has been taken 293 times
    270 since last reset
  • The average score is 22 of 29
Answer Stats
# Nation Former Club Answer % Correct
7 South Korea Bayer Leverkusen Heung Min Son
97%
9 Brazil Everton Richarlison
93%
17 Argentina Atalanta Cristian Romero
91%
1 France Olympique Lyon Hugo Lloris
90%
10 England Leicester City James Maddison
90%
8 Mali Brighton Yves Bissouma
85%
21 Sweden Juventus Dejan Kulusevski
84%
13 Italy Empoli Guglielmo Vicario
84%
37 Netherlands Wolfsburg Micky van de Ven
84%
38 Italy Udinese Destiny Udogie
83%
22 Wales Nottingham Brennan Johnson
81%
29 Senegal FC Metz Pape Sarr
81%
5 Denmark Southampton Pierre-Emile Hojbjerg
81%
30 Uruguay Juventus Rodrigo Bentancur
81%
15 England Sporting Lisbon Eric Dier
80%
23 Spain Sporting Lisbon Pedro Porro
79%
6 Colombia Ajax Davison Sanchez
77%
12 Brazil Barcelona Emerson Royal
77%
14 Croatia Inter Ivan Perisic
77%
33 Wales Swansea City Ben Davies
76%
11 Spain Sevilla Bryan Gil
76%
18 Argentina Real Betis Giovani Lo Celso
74%
27 Israel Shakhtar Manor Solomon
72%
4 England Youth Oliver Skipp
64%
28 France Olympique Lyon Tanguy Ndombele
57%
36 Argentina Rosario Central Alejo Veliz
52%
19 England Fulham Ryan Sessegnon
49%
20 England Southampton Fraser Forster
42%
40 England Youth Brandon Austin
31%
No matching quizzes found
Score Distribution
Percent of People with Each Score
Percentile by Number Answered
Your Score History
You have not taken this quiz since the last reset